| 000 | 00798nam a2200253Ia 4500 | ||
|---|---|---|---|
| 003 | OSt | ||
| 005 | 20220923211525.0 | ||
| 006 | a|||||r|||| 00| 0 | ||
| 007 | ta | ||
| 008 | Pun | ||
| 020 |
_a9789381316696 (hbk) _c150 |
||
| 024 | _a281,914 | ||
| 037 |
_b881, 12/08/2014, H.K. Prakashan _cTextual |
||
| 040 |
_aARTS _cARTS _bPun |
||
| 041 |
_2Pun _aPun |
||
| 082 | _aO153,8N43x, Q2 | ||
| 100 | _aਗਰਗ, ਕੇ ਐਲ | ||
| 245 | 0 | _aਮਾਸਟਰ ਜੀ ਦਾ ਮੌਲਾ ਬ॥F | |
| 260 |
_aਸਮਾਣਾ _b ੋਸੰਗਮ ਪਬਲੀਕੇFਨਗ਼ _c2012 |
||
| 300 |
_a158ਪੰ _ccm. |
||
| 650 | _aਪੰਜਾਬੀ ਸਾਹਿਤ | ||
| 942 |
_hO153,8N43x, Q2 _cTEXL _2CC |
||
| 999 |
_c300415 _d300415 |
||